000 00553cam a22002051 4500
001 ca 34001622
003 DLC
005 20260227111134.0
008 790405s1928 xx 000 0 eng
010 _aca 34001622
035 _a(OCoLC)4822786
040 _aDLC
_cOCl
_dDLC
042 _apremarc
050 0 0 _aPS3507.R42
_bB6 1928
082 _a812.5
100 1 _aDransfield, Jane,
_d1875-
245 1 0 _aBlood o' kings,
_ba play in one act,
_cby Jane Dransfield.
260 _aNew York city,
_bS. French
_c[1928]
300 _a3 p. l., 26 p.
_c20 cm.
999 _c17572
_d17572